Arctic Monkeys Lyrics - 505 - Statistics

General Stats
  • This quiz has been taken 641 times
  • The average score is 176 of 213
Answer Stats
Lyrics % Correct
go
100%
I
100%
to
100%
a
99%
back
99%
five-
99%
going
99%
I'm
99%
505
98%
It
98%
hour
97%
you
97%
drive
96%
In
96%
it's
96%
minute
96%
or
96%
Or
96%
seven-
96%
flight
95%
If
95%
my
95%
your
95%
forty-
93%
hands
93%
on
93%
With
93%
with
93%
side
89%
wait
89%
When
89%
when
89%
and
88%
imagination,
88%
between
87%
you're
86%
lying
85%
thighs
85%
did
84%
me
83%
what
83%
like
82%
neck
82%
waiting
82%
at
81%
expect?
81%
that,
81%
that
81%
around
80%
sec
80%
Stop
80%
darling,
79%
look
79%
time
79%
last
78%
The
78%
the
78%
checked
77%
of
74%
adore
71%
still
71%
cry
68%
no
68%
smile
67%
I'd
66%
probably
66%
completely
65%
crumble
64%
Not
62%
"Goodbye"
60%
But
59%
shy
59%
spark
59%
eyes
57%
again
56%
seems
56%
too
56%
once
55%
surprise
55%
by
54%
soon
53%
off
52%
greet
51%
just
51%
mark
51%
spoil
51%
start
51%
Take
51%
adventure,
50%
perfect
50%
place
50%
middle
49%
always
48%
had
48%
about
47%
knife
46%
such
46%
than
46%
though
46%
harsher
44%
bark
43%
should
43%
twists
43%
you've
43%
short
41%
fall
40%
thought
40%
Frightened
39%
bite,
38%
No matching quizzes found
Score Distribution
Percent of People with Each Score
Percentile by Number Answered
Your Score History
You have not taken this quiz